Reflexiones sobre el desarrollo y la responsabilidad del Estado
Guardado en:
| Autor Corporativo: | |
|---|---|
| Formato: | Texto |
| Publicado: |
Santiago:
CEPAL
|
| Materias: | |
| Etiquetas: |
Agregar Etiqueta
Sin Etiquetas, Sea el primero en etiquetar este registro!
|
MARC
| LEADER | 00000 a a2200000 04500 | ||
|---|---|---|---|
| 001 | 10444 | ||
| 003 | |||
| 040 | |||
| 090 | |a 136400 | ||
| 110 | |a Instituto Latinoamericano y del Caribe de Planificación Económica y Social | ||
| 245 | |a Reflexiones sobre el desarrollo y la responsabilidad del Estado | ||
| 260 | |a Santiago: |b CEPAL | ||
| 300 | |a ix, 180 p | ||
| 300 | |b **no definido** |b fonodiscos | ||
| 650 | |a ESTADO | ||
| 650 | |a DESARROLLO ECONOMICO | ||
| 650 | |a POLITICA SOCIAL | ||
| 650 | |a MERCADO DE TRABAJO | ||
| 650 | |a CRECIMIENTO ECONOMICO | ||
| 650 | |a POBREZA | ||
| 650 | |a POLITICA ECONOMICA | ||
| 650 | |a DESCENTRALIZACION | ||
| 650 | |a MODERNIZACION | ||
| 650 | |a DERECHO | ||
| 650 | |a GOBIERNO LOCAL | ||
| 650 | |a PRIVATIZACION | ||
| 650 | |a PRODUCTO INTERNO BRUTO | ||
| 650 | |a CRECIMIENTO | ||
| 650 | |a BALANZA DE PAGOS | ||
| 650 | |a CREDITO | ||
| 650 | |a INGRESO | ||
| 650 | |a POBREZA | ||
| 999 | |c 13033 |d 13033 | ||
